| 000 | 00703nam a2200205 a 4500 | ||
|---|---|---|---|
| 001 | 000035833 | ||
| 005 | 20200930074641.0 | ||
| 008 | 111115s1946 es 000 0 spa d | ||
| 040 |
_aDO-SdBNP _bspa _cBNPHU |
||
| 100 | 1 |
_aLlorca Vives, Bernardino, _d1898- _94240 |
|
| 245 | 1 | 0 |
_aManual de historia eclesiástica / _cpor el p. Bernardino Llorca. |
| 250 | _a2a ed. | ||
| 260 |
_aBarcelona : _bEditorial Labor, _c1946. |
||
| 300 |
_axxv, 923 p. ; _c23 cm. |
||
| 500 | _aIncluye referencias bibliográficas y notas al pie de las páginas | ||
| 500 | _aIncluye índice | ||
| 504 | _aBibliografía : p. | ||
| 590 | _aPerteneció a la biblioteca personal de Juan Isidro Jimenes Grullón. | ||
| 049 | _aBNPD | ||
| 999 |
_c35324 _d35324 |
||